| 000 | 00420nam a2200145 a 4500 | ||
|---|---|---|---|
| 001 | 1169 | ||
| 003 | CDMR | ||
| 005 | 20130116135201.0 | ||
| 008 | 130130s1999||||||||||||||||||||||||||||d | ||
| 040 |
_aCDMR _bcat _cCDMR |
||
| 100 | 1 |
_aGuerrero, Joan _9490 |
|
| 245 | 1 | 0 |
_aEn tierra amiga (Imágenes de Andalucía en Cataluña) _cGUERRERO, Joan |
| 260 |
_aAlmería _c1999 _bJunta de Andalucía. Consejería de Cultura |
||
| 942 | _cMON | ||
| 999 |
_c1169 _d1169 |
||